| 000 | 00593nam a22001577a 4500 | ||
|---|---|---|---|
| 082 | _a621 | ||
| 100 | _aJanjua, Asad Asghar | ||
| 245 |
_aModeling and Control of a Non-Linear Quarter Vehicle Active Suspension System using Hybrid Fuzzy-LQR Controller / _cAsad Asghar Janjua |
||
| 260 |
_aIslamabad : _bSMME - NUST, _c2014. |
||
| 300 |
_a58 p. ; _c30cm. |
||
| 650 |
_aMechanical Engineering-MS-Thesis _916090 |
||
| 700 |
_aDr. Mohsin Jamil _916128 |
||
| 856 | _uhttp://10.250.8.41:8080/xmlui/handle/123456789/38741 | ||
| 942 |
_2ddc _cTHE |
||
| 999 |
_c541185 _d541185 |
||